Miraculous Ladybug Voice Actors - Statistics

General Stats
  • This quiz has been taken 233 times
    227 since last reset
  • The average score is 7 of 11
Answer Stats
Voice Actor Character % Correct
Christina Vee Marinette / Ladybug
98%
Bryce Papenbrook Adrien / Chat Noir
97%
Keith Silverstein Hawkmoth / Gabriel Agreste / Prince Ali
87%
Ben Diskin Nino / Max / Nooroo
87%
Carrie Keranen Alya / Lady Wifi
84%
Mela Lee Tikki / Aurore Beaureal / Mireille Caquet
75%
Max Mittleman Plagg
71%
Matthew Mercer Vincent Aza / Pixelator / Ivan Bruel / Stoneheart
28%
Selah Victor Chloe Bourgeois
13%
Todd Haberkorn Mr Pigeon / Kung Food / Mr Kubdel
10%
Vic Mignogna The Pharaoh / Jalil Kubdel
9%
No matching quizzes found
Score Distribution
Percent of People with Each Score
Percentile by Number Answered
Your Score History
You have not taken this quiz since the last reset